| 000 | 01043nam a22002535a 4500 | ||
|---|---|---|---|
| 003 | OSt | ||
| 005 | 20170228115944.0 | ||
| 008 | 170219s2015 ua frb 000 0 ara d | ||
| 015 | _a2015 / 13863 | ||
| 020 | _a9789770478424 | ||
| 040 |
_aEG-ScBUE _bara _cEG-ScBUE |
||
| 082 | 0 | 4 |
_a341.522 _bع ل م _222 |
| 100 | 1 | _aعلم الدين، محي الدين. | |
| 245 | 1 | 0 |
_aأحكام التحكيم / _cإعداد محي الدين علم الدين ؛ مركز القاهرة الإقليمي للتحكيم التجاري الدولي. |
| 260 |
_aالقاهرة : _bدار النهضة العربية، _c2015. |
||
| 300 |
_aمج. 6 ؛ _c24 سم. |
||
| 490 | 0 | _aأحكام مركز القاهرة الإقليمي للتحكيم التجاري الدولي | |
| 650 | 7 |
_aالتحكيم الدولي. _2BUEsh _941124 |
|
| 650 | 7 |
_aالتحكيم التجاري _2BUEsh |
|
| 651 | _2BUEsh | ||
| 653 |
_bLLAAWW _cFebruary2017 |
||
| 710 | 2 | _aمركز القاهرة الإقليمي للتحكيم التجاري الدولي. | |
| 942 | _2ddc | ||
| 999 |
_c24193 _d24165 |
||